Statistics for Mexico 2002 World Cup Squad

Click here to take the quiz!

General Stats

  • This quiz has been taken 11 times
  • The average score is 16 of 24

Answer Stats

% Correct
FWCuauhtémoc BlancoValladolid
91%
FWJared BorgettiSantos Laguna
91%
GKOswaldo SánchezGuadalajara
91%
MFRafael MárquezMonaco
91%
MFGerardo TorradoSevilla
82%
HCJavier AguirreCoach
82%
GKJorge CamposUNAM
82%
GKÓscar PérezCruz Azul
82%
MFRafael GarcíaToluca
82%
MFAlberto García AspePuebla
64%
DFFrancisco Gabriel de AndaPachuca
64%
FWJesús ArellanoMonterrey
64%
FWLuis HernándezAmérica
64%
DFManuel VidrioPachuca
64%
DFSalvador CarmonaToluca
64%
DFAlberto RodríguezMonterrey
55%
FWFrancisco PalenciaEspanyol
55%
MFGabriel CaballeroPachuca
55%
MFGermán VillaAmérica
55%
MFJohan RodríguezSantos Laguna
55%
MFRamón MoralesGuadalajara
55%
DFMelvin BrownCruz Azul
45%
MFSigifredo MercadoAtlas
45%
MFBraulio LunaNecaxa
27%

Score Distribution

Percentile by Number Answered

Percent of People with Each Score

Your Score History

You have not taken this quiz